Effect of liquid organic fertilizer on celery cabbage yield under greenhouse condition at the royal university of agriculture, (ឥទ្ធិពលជីធម្មជាតិទឺកលើដំណាំស្ពៃចង្កឺះក្នុងលក្ខខណ្ឌ័ផ្ទះពិសោធន៏នៅសាកលវិទ្យាល័យភូមិន្ទកសិកម្ម) (Record no. 712)

000 -LEADER
fixed length control field 00768nam a22001577a 4500
003 - CONTROL NUMBER IDENTIFIER
control field OSt
005 - DATE AND TIME OF LATEST TRANSACTION
control field 20150918104714.0
008 - FIXED-LENGTH DATA ELEMENTS--GENERAL INFORMATION
fixed length control field 150918b xxu||||| |||| 00| 0 eng d
040 ## - CATALOGING SOURCE
Transcribing agency RUA
082 ## - DEWEY DECIMAL CLASSIFICATION NUMBER
Classification number AGR PEN 2005 B032 Or.1
100 ## - MAIN ENTRY--PERSONAL NAME
9 (RLIN) 740
Personal name PENH, SOVANNARATH.
245 ## - TITLE STATEMENT
Title Effect of liquid organic fertilizer on celery cabbage yield under greenhouse condition at the royal university of agriculture, (ឥទ្ធិពលជីធម្មជាតិទឺកលើដំណាំស្ពៃចង្កឺះក្នុងលក្ខខណ្ឌ័ផ្ទះពិសោធន៏នៅសាកលវិទ្យាល័យភូមិន្ទកសិកម្ម)
260 ## - PUBLICATION, DISTRIBUTION, ETC. (IMPRINT)
Place of publication, distribution, etc. Phnom Penh
Name of publisher, distributor, etc. RUA
Date of publication, distribution, etc. 2005
300 ## - PHYSICAL DESCRIPTION
Extent xi, 47p.
Other physical details ill.
Dimensions 29cm.
942 ## - ADDED ENTRY ELEMENTS (KOHA)
Source of classification or shelving scheme
Koha item type AGR
Holdings
Price effective from Date last seen Permanent Location Not for loan Date acquired Source of classification or shelving scheme Koha item type Lost status Withdrawn status Date last checked out Total Checkouts Shelving location Damaged status Barcode Current Location Full call number
2015-09-182015-09-18Library Block B 2015-09-18 AGR    B032 RUA008728Library Block BAGR PEN 2005 B032 Or.1
2015-09-182022-08-26Library Block B 2015-09-18 AGR  2022-08-232B032 RUA008580Library Block BAGR PEN 2005 B032 Or.2
មជ្ឈមណ្ឌលឯការនៃសាកលវិទ្យាល័យភូមិន្ទកសិកម្មចំការដូង

Powered by Koha